Sun, earth and radio: (Record no. 4470)

MARC details
000 -LEADER
fixed length control field 00857nam a2200301 4500
001 - CONTROL NUMBER
control field 000
005 - DATE AND TIME OF LATEST TRANSACTION
control field 20150410090237.0
007 - PHYSICAL DESCRIPTION FIXED FIELD--GENERAL INFORMATION
fixed length control field 000
008 - FIXED-LENGTH DATA ELEMENTS--GENERAL INFORMATION
fixed length control field 000
010 ## - LIBRARY OF CONGRESS CONTROL NUMBER
LC control number 70527608
015 ## - NATIONAL BIBLIOGRAPHY NUMBER
National bibliography number B70-22382
020 ## - INTERNATIONAL STANDARD BOOK NUMBER
International Standard Book Number 0303178949
040 ## - CATALOGING SOURCE
Original cataloging agency UOEL
Transcribing agency DLC
Modifying agency DLC
050 00 - LIBRARY OF CONGRESS CALL NUMBER
Classification number QC879
Item number .R36 1970b
082 00 - DEWEY DECIMAL CLASSIFICATION NUMBER
Classification number 551.5/145
100 1# - MAIN ENTRY--PERSONAL NAME
Personal name Ratcliffe, J. A.
Fuller form of name (John Ashworth)
245 10 - TITLE STATEMENT
Title Sun, earth and radio:
Remainder of title an introduction to the ionosphere and magnetosphere
Statement of responsibility, etc [by] J. A. Ratcliffe.
260 ## - PUBLICATION, DISTRIBUTION, ETC. (IMPRINT)
Place of publication, distribution, etc London,
Name of publisher, distributor, etc Weidenfeld & Nicolson,
Date of publication, distribution, etc 1970.
300 ## - PHYSICAL DESCRIPTION
Extent 256 p.
Other physical details illus.
Dimensions 20 cm.
350 ## - PRICE (NR) (BK AM CF MU VM SE) [OBSOLETE]
Price 35/-
490 0# - SERIES STATEMENT
Series statement World university library
504 ## - BIBLIOGRAPHY, ETC. NOTE
Bibliography, etc Bibliography: p. 247-248.
650 #0 - SUBJECT ADDED ENTRY--TOPICAL TERM
Topical term or geographic name as entry element Ionosphere.
Topical term or geographic name as entry element Magnetosphere.
Topical term or geographic name as entry element Ionospheric radio wave propagation.
906 ## - LOCAL DATA ELEMENT F, LDF (RLIN)
a 7
b cbc
c orignew
d 3
e ncip
f 19
g y-gencatlg
942 ## - ADDED ENTRY ELEMENTS (KOHA)
Source of classification or shelving scheme Library of Congress Classification
Item type Loan - Normal on open shelf
Holdings
Withdrawn status Lost status Source of classification or shelving scheme Damaged status Not for loan Home library Current library Shelving location Date acquired Total Checkouts Full call number Barcode Date last seen Copy number Price effective from Koha item type
    Library of Congress Classification     UOE Main Library UOE Main Library Open shelf 10/04/2015   QC879 .R36 1970b 10038157 27/04/2026 10038157 10/04/2015 Loan - Normal on open shelf